00668cam a22002171 4500001001300000003000400013005001700017008004100034010001700075035001900092040001800111042001200129050001600141100002700157245012500184250001400309260004800323300001900371650004300390999001700433sa 63001642 DLC20260227111928.0800723s1962 ii 000 0 eng  asa 63001642  a(OCoLC)6545006 aDLCcArUdDLC apremarc00aPK1710b.D31 aDasgupta, Alokeranjan.14aThe lyric in Indian poetry;ba comparative study in the evolution of Bengalic lyric forms up to the seventeenth century. a[1st ed.] aCalcutta,bFirma K. L. Mukhopadhyay,c1962. a152 p.c22 cm. 0aBengali poetryxHistory and criticism. c54054d54054